| 000 | 00508ntaaa2200193 4500 | ||
|---|---|---|---|
| 003 | 01 | ||
| 005 | 20251027203020.0 | ||
| 008 | 0714s1973 ag 01 | ||
| 040 |
_aAR-BaBN _bspa _cAR-BaBN _eaacr _dRIC |
||
| 082 | _a463.0000 | ||
| 100 |
_aAcademia Española _931261 |
||
| 245 | _aDiccionario histórico de la lengua española | ||
| 250 | _a1 ed. | ||
| 260 |
_aMadrid : _bAcademia Española, _cc1933 |
||
| 300 | _a2 tomos | ||
| 650 | _aespañol-diccionario | ||
| 650 | _acastellano-diccionario | ||
| 942 | _cBK | ||
| 999 |
_c25583 _d25583 |
||